000 00382nam a2200133 i 4500
001 bg
245 0 _aPodstawy inżynierii ochrony środowiska.
260 _aGliwice,
_c1977.
040 _cBPK
041 _apol
942 _cKS
008 s pl f |000 0 pol
856 _uhttp://koha.tu.koszalin.pl/cgi-bin/koha/opac-detail.pl?biblionumber=17860
_yKatalog online BPK
999 _c17860
_d17860